Statystyki dla Stolice Europy – jednominutowy sprint ​

Kliknij tutaj aby rozwiązać quiz!

Ogólne statystyki

  • Ten quiz został rozwiązany 17 razy
  • Średni wynik to 19 z 45

Statystyki odpowiedzi

Capital% Poprawnych
Warszawa
100%
Madryt
85%
Berlin
77%
Helsinki
77%
Londyn
77%
Paryż
77%
Amsterdam
62%
Kijów
62%
Praga
62%
Sztokholm
62%
Andora
54%
Bratysława
54%
Bruksela
54%
Dublin
54%
Lizbona
54%
Moskwa
54%
Oslo
54%
Tallinn
54%
Budapeszt
46%
Wiedeń
46%
Wilno
46%
Monako
38%
Ryga
38%
Watykan
38%
Bukareszt
31%
Kopenhaga
31%
Lublana
31%
Luksemburg
31%
Rzym
31%
San Marino
31%
Tirana
31%
Valletta
31%
Ateny
23%
Belgrad
23%
Mińsk
23%
Podgorica
23%
Sofia
23%
Zagrzeb
23%
Kiszyniów
15%
Prisztina
15%
Skopje
15%
Berno
8%
Reykjavík
8%
Vaduz
8%
Sarajewo
0%

Rozkład punktacji

Percentyl według liczby udzielonych odpowiedzi

Procent ludzi z każdym wynikiem

Twoja historia wyników

Nie rozwiązałeś tego quizu